טוען...

HOSPITALITY INDUSTRY IN KERALA: PERFORMANCES AND PROMISES

מידע ביבליוגרפי
מחבר ראשי: M. R. BIJU
פורמט: Printed Book
יצא לאור: SAJOSPS 2002
נושאים:
LEADER 00372nam a22001217a 4500
100 |a M. R. BIJU  |9 27447 
245 |a HOSPITALITY INDUSTRY IN KERALA: PERFORMANCES AND PROMISES 
260 |b SAJOSPS  |c 2002 
300 |a p.116-121  |b January-June 
650 |a TOURISM  |9 27448 
942 |c KS 
999 |c 76324  |d 76324 
952 |0 0  |1 0  |4 0  |7 0  |9 68328  |a MGUL  |b MGUL  |d 2016-02-22  |l 0  |r 2016-02-22  |w 2016-02-22  |y KS